Loading...
Fine Arts - Other Fine Arts | 1 | 2 | 1 | 0 | 30 | 68 | 119.33 | 1 | 1 |
Fine Arts - Auditory Fine Arts | 0 | 3 | 1 | 1 | 25 | 84 | 124.33 | 0 | 1 |
Science - Other Science | 0 | 2 | 0 | 0 | 20 | 75 | 92.50 | 0 | 1 |
History - American History | 0 | 2 | 0 | 0 | 20 | 115 | 123.50 | 0 | 1 |
Literature - European Literature | 1 | 0 | 0 | 0 | 15 | 78 | 78.00 | 0 | 1 |
Social Science | 0 | 1 | 0 | 0 | 10 | 96 | 96.00 | 0 | 1 |
Fine Arts - Visual Fine Arts | 0 | 1 | 0 | 0 | 10 | 113 | 113.00 | 0 | 0 |
History - World History | 0 | 1 | 0 | 0 | 10 | 105 | 105.00 | 0 | 0 |
Mythology | 0 | 1 | 0 | 1 | 10 | 133 | 133.00 | 0 | 0 |
Other Academic | 0 | 1 | 0 | 1 | 10 | 133 | 133.00 | 0 | 0 |
Religion | 0 | 1 | 1 | 1 | 5 | 83 | 83.00 | 0 | 1 |
Literature - American Literature | 0 | 1 | 1 | 1 | 5 | 118 | 118.00 | 0 | 0 |
Science - Chemistry | 0 | 0 | 0 | 0 | 0 | 0.00 | 0 | 0 | |
Science - Physics | 0 | 0 | 0 | 0 | 0 | 0.00 | 0 | 0 | |
Literature - World Literature | 0 | 0 | 1 | 0 | -5 | 0.00 | 0 | 0 | |
Geography | 0 | 0 | 1 | 0 | -5 | 0.00 | 0 | 0 | |
Philosophy | 0 | 0 | 1 | 0 | -5 | 0.00 | 0 | 0 | |
Science - Biology | 0 | 0 | 1 | 0 | -5 | 0.00 | 0 | 0 | |
History - Other History | 0 | 0 | 2 | 0 | -10 | 0.00 | 0 | 0 |